000 00515nam a2200193Ia 4500
005 20240913125829.0
008 240913s9999||||xx |||||||||||||| ||und||
020 _a81-239-0969-1
041 _aENGLISH
082 _A616.0756 P5
100 _aChaurasia B D
245 0 _aHand Book of General Anatomy
250 _a5th
260 _c2015
_bCBS Publishers & Distributors,New
500 _aREFERENCE
650 _aHuman Genetics and Molecular Biology
_bAllied Health Science
942 _cREF
999 _c246358
_d246358